[Event "Chessemy Open 2022"]
[Site "Reinstorf"]
[Date "2022.02.01"]
[Round "4.21"]
[White "Kugler, Florian"]
[Black "Alquist, Erik"]
[Result "1-0"]
[WhiteElo "2222"]
[BlackElo "1965"]
[Annotator "TA"]
[PlyCount "41"]
[EventDate "2022.01.29"]
[EventType "swiss"]
[EventCountry "GER"]
[SourceTitle "playchess.com"]
[Source "ChessBase"]
[SourceQuality "1"]

1. e4 c5 2. Nf3 e6 3. d4 cxd4 4. Nxd4 Nc6 5. Nc3 Qc7 6. Qd3 Nf6 7. Ndb5 Qb8 8. Qg3 d6 9. Be3 e5 10. O-O-O Be6 11. Nxd6+ Bxd6 12. Qxg7 Rg8 13. Qxf6 a6 14. Nd5 b5 15. Nb6 Ra7 16. Nc8 Rd7 17. Nxd6+ Rxd6 18. Be2 Rxd1+ 19. Rxd1 Rxg2 20. Qh8+ Ke7 21. Bc5+ 1-0

[Event "Chessemy Open 2022"]
[Site "Reinstorf"]
[Date "2022.02.01"]
[Round "4.22"]
[White "Goh, Choon Keng Philip"]
[Black "Laux, Dominik"]
[Result "1/2-1/2"]
[WhiteElo "1960"]
[BlackElo "2200"]
[Annotator "TA"]
[PlyCount "162"]
[EventDate "2022.01.29"]
[EventType "swiss"]
[EventCountry "GER"]
[SourceTitle "playchess.com"]
[Source "ChessBase"]
[SourceQuality "1"]

1. Nf3 d5 2. g3 Nd7 3. Bg2 e5 4. d3 Ngf6 5. O-O c6 6. c4 dxc4 7. dxc4 Be7 8. b3 O-O 9. Bb2 Qc7 10. Qc2 Re8 11. Nbd2 Bf8 12. e3 a5 13. a3 Qb8 14. Rfc1 Ra7 15. h4 Nc5 16. Ng5 h6 17. Nge4 Nfxe4 18. Nxe4 Bf5 19. Rd1 Qc8 20. Bc3 Qe6 21. b4 axb4 22. axb4 Rxa1 23. Rxa1 Nd7 24. Qa2 Nb6 25. c5 Nd5 26. Be1 Qg6 27. Qc4 b5 28. cxb6 Nxb6 29. h5 Nxc4 30. hxg6 Bxg6 31. Rc1 Nb2 32. Rxc6 Nd3 33. Bc3 Bxb4 34. Bxb4 Nxb4 35. Rc7 Rd8 36. Nc3 Rd2 37. Ne4 Rd1+ 38. Kh2 Nd3 39. Bf3 Rf1 40. Kg2 Ra1 41. g4 Ne1+ 42. Kg3 Nxf3 43. Kxf3 Ra2 44. Nd6 Ra6 45. Nc8 Rf6+ 46. Kg3 Be4 47. f4 exf4+ 48. exf4 g5 49. f5 Ra6 50. Re7 Ra3+ 51. Kh2 Ra2+ 52. Kh3 Ra3+ 53. Kh2 Bf3 54. Nd6 Bd5 55. Re5 Ra2+ 56. Kh3 Ra3+ 57. Kh2 Rd3 58. Ne8 Bf3 59. Nf6+ Kg7 60. Nh5+ Kf8 61. Nf6 Bc6 62. Rc5 Rd6 63. Nh5 Rd2+ 64. Kh3 Rd3+ 65. Kh2 Rd2+ 66. Kh3 Rd3+ 67. Kh2 Bf3 68. f6 Ke8 69. Ng7+ Kd7 70. Re5 Bd5 71. Re7+ Kc6 72. Nf5 Rd2+ 73. Kh3 Rd3+ 74. Kh2 Rd2+ 75. Kh3 Rf2 76. Re5 Be6 77. Rxe6+ fxe6 78. f7 exf5 79. Kg3 Rf4 80. f8=Q Rxg4+ 81. Kf3 Rh4 1/2-1/2

[Event "Chessemy Open 2022"]
[Site "Reinstorf"]
[Date "2022.02.01"]
[Round "4.22"]
[White "Luthardt, Christopher"]
[Black "Skopp, Jonathan"]
[Result "1-0"]
[WhiteElo "1616"]
[BlackElo "1466"]
[Annotator "NA"]
[PlyCount "43"]
[EventDate "2022.01.29"]
[EventType "swiss"]
[EventCountry "GER"]
[SourceTitle "playchess.com"]
[Source "ChessBase"]
[SourceQuality "1"]

1. e4 c5 2. Nf3 d6 3. d4 cxd4 4. Nxd4 Nf6 5. Nc3 g6 6. Bg5 Bg7 7. Qd2 a6 8. f3 O-O 9. O-O-O Bd7 10. h4 h5 11. Be2 b5 12. Rdg1 Qc8 13. Bh6 Nc6 14. Nxc6 Qxc6 15. Bxg7 Kxg7 16. g4 b4 17. Nd5 hxg4 18. Nxf6 exf6 19. h5 g5 20. h6+ Kg6 21. h7 Rh8 22. Bb5 1-0

[Event "Chessemy Open 2022"]
[Site "Reinstorf"]
[Date "2022.02.01"]
[Round "4.23"]
[White "Borkhardt, Arndt"]
[Black "Himpenmacher, Andy"]
[Result "0-1"]
[WhiteElo "1940"]
[BlackElo "2191"]
[Annotator "TA"]
[PlyCount "81"]
[EventDate "2022.01.29"]
[EventType "swiss"]
[EventCountry "GER"]
[SourceTitle "playchess.com"]
[Source "ChessBase"]
[SourceQuality "1"]

1. e4 e6 2. d4 d5 3. Nc3 Nf6 4. exd5 exd5 5. Bg5 Be7 6. Qd2 O-O 7. O-O-O c6 8. Bd3 b5 9. Nf3 a5 10. Ne5 a4 11. Ne2 Ne4 12. Bxe7 Qxe7 13. Qe3 b4 14. Bxe4 dxe4 15. Ng3 f5 16. f4 Be6 17. a3 Rd8 18. Nf1 Qb7 19. g4 fxg4 20. Ng3 Bd5 21. f5 Nd7 22. Nxg4 bxa3 23. Qxa3 Rab8 24. f6 Nxf6 25. Nxf6+ gxf6 26. Nh5 Kh8 27. Rhg1 Rg8 28. Nxf6 Rg6 29. Rxg6 hxg6 30. Rf1 Kg7 31. Nxd5 cxd5 32. Qxa4 Qxb2+ 33. Kd2 Rb7 34. Qc6 Qxd4+ 35. Ke2 Re7 36. Rd1 Qe5 37. Qxd5 Qxh2+ 38. Ke3 Qh3+ 39. Ke2 Qf3+ 40. Kd2 e3+ 41. Kc1 0-1

[Event "Chessemy Open 2022"]
[Site "Reinstorf"]
[Date "2022.02.01"]
[Round "4.23"]
[White "Brandt, Wolfgang"]
[Black "Bergmann, Paul"]
[Result "1-0"]
[WhiteElo "1607"]
[BlackElo "1401"]
[Annotator "NA"]
[PlyCount "89"]
[EventDate "2022.01.29"]
[EventType "swiss"]
[EventCountry "GER"]
[SourceTitle "playchess.com"]
[Source "ChessBase"]
[SourceQuality "1"]

1. d4 d5 2. c4 Nf6 3. Nf3 Bf5 4. Nc3 e6 5. e3 c5 6. cxd5 Nxd5 7. Bb5+ Nc6 8. Ne5 Qb6 9. Bxc6+ bxc6 10. dxc5 Bxc5 11. O-O Qc7 12. Nxd5 Qxe5 13. Nf4 Bb6 14. Qb3 O-O 15. Bd2 Qc7 16. Bc3 Rad8 17. Rfd1 e5 18. Ne2 Be6 19. Qc2 Rd5 20. Rxd5 cxd5 21. Qd2 Rd8 22. b3 Qe7 23. Bxe5 Qg5 24. Bf4 Qg6 25. Nd4 Rc8 26. Nxe6 fxe6 27. Rc1 Rf8 28. h3 h6 29. Bc7 Bxc7 30. Rxc7 Qb1+ 31. Kh2 Qf5 32. Rxa7 Qxf2 33. Qxf2 Rxf2 34. Kg3 Rb2 35. Kf3 Kf8 36. g3 Rh2 37. h4 Rc2 38. b4 Rb2 39. a3 Rb3 40. Kf4 g5+ 41. hxg5 hxg5+ 42. Kxg5 Rxe3 43. b5 Ke8 44. b6 Kd8 45. Ra8+ 1-0

[Event "Chessemy Open 2022"]
[Site "Reinstorf"]
[Date "2022.02.01"]
[Round "4.24"]
[White "Wronn, Bernd"]
[Black "Nyenhuis, Yannek"]
[Result "1-0"]
[WhiteElo "2178"]
[BlackElo "1956"]
[Annotator "TA"]
[PlyCount "43"]
[EventDate "2022.01.29"]
[EventType "swiss"]
[EventCountry "GER"]
[SourceTitle "playchess.com"]
[Source "ChessBase"]
[SourceQuality "1"]

1. e4 d6 2. d4 Nf6 3. Bd3 Nbd7 4. f4 e5 5. c3 Be7 6. Nf3 c6 7. O-O Qc7 8. Na3 b5 9. Nc2 O-O 10. a4 Bb7 11. Ne3 c5 12. Nf5 Rfe8 13. fxe5 dxe5 14. Nxe7+ Rxe7 15. d5 c4 16. Bc2 Qb6+ 17. Kh1 Nc5 18. Be3 Qd6 19. Nh4 Bc8 20. Bg5 Ncd7 21. Nf5 Qc5 22. Be3 1-0

[Event "Chessemy Open 2022"]
[Site "Reinstorf"]
[Date "2022.02.01"]
[Round "4.25"]
[White "Ramme, Christoph"]
[Black "Limbach, Torsten"]
[Result "1/2-1/2"]
[WhiteElo "2140"]
[BlackElo "1963"]
[Annotator "TA"]
[PlyCount "52"]
[EventDate "2022.01.29"]
[EventType "swiss"]
[EventCountry "GER"]
[SourceTitle "playchess.com"]
[Source "ChessBase"]
[SourceQuality "1"]

1. d4 d5 2. c4 e6 3. Nc3 Be7 4. Nf3 Nf6 5. Bg5 h6 6. Bh4 O-O 7. e3 Ne4 8. Bxe7 Qxe7 9. Qc2 Nxc3 10. Qxc3 c6 11. Bd3 Nd7 12. O-O Re8 13. Rfd1 dxc4 14. Bxc4 b6 15. e4 Bb7 16. e5 b5 17. Bd3 b4 18. Qe1 c5 19. Qe2 cxd4 20. Be4 d3 21. Qe3 Bxe4 22. Qxe4 Nb6 23. Qxd3 Nd5 24. Rdc1 Rec8 25. Rc2 Qb7 26. Rac1 a5 1/2-1/2

[Event "Chessemy Open 2022"]
[Site "Reinstorf"]
[Date "2022.02.01"]
[Round "4.26"]
[White "Chennaoui, Yasin"]
[Black "Mueller, Christian"]
[Result "1/2-1/2"]
[WhiteElo "2123"]
[BlackElo "2219"]
[Annotator "TA"]
[PlyCount "299"]
[EventDate "2022.01.29"]
[EventType "swiss"]
[EventCountry "GER"]
[SourceTitle "playchess.com"]
[Source "ChessBase"]
[SourceQuality "1"]

1. g3 g6 2. Bg2 Bg7 3. e4 c5 4. d3 e6 5. Nc3 Ne7 6. f4 d6 7. Nf3 Nbc6 8. O-O O-O 9. Be3 Rb8 10. a4 b6 11. Kh1 d5 12. Bg1 dxe4 13. dxe4 Ba6 14. Rf2 Bxc3 15. bxc3 Qxd1 16. Rxd1 Rfd8 17. Rfd2 Rxd2 18. Rxd2 Rd8 19. Rxd8+ Nxd8 20. a5 Ndc6 21. axb6 axb6 22. Nd2 Na5 23. Bf3 Nc4 24. Nxc4 Bxc4 25. Kg2 f5 26. Kf2 fxe4 27. Bxe4 Nd5 28. Bxd5 exd5 29. g4 d4 30. cxd4 cxd4 31. Kg3 d3 32. cxd3 Bxd3 33. Bxb6 h5 34. Kh4 hxg4 35. Kxg4 Kf7 36. Bd8 Ke6 37. Bh4 Bb1 38. Be1 Bc2 39. Kg5 Bb1 40. Bc3 Bc2 41. Bh8 Bb1 42. Bf6 Bc2 43. Ba1 Bb1 44. Be5 Bc2 45. Bc7 Bb1 46. Bb8 Bc2 47. Kg4 Bb1 48. Ba7 Bc2 49. Bg1 Bb1 50. Kg5 Bc2 51. Bf2 Bb1 52. Bh4 Bc2 53. Bg3 Bb1 54. Bf2 Bc2 55. Be3 Bb1 56. Kg4 Bc2 57. Bd2 Bb1 58. Bb4 Bc2 59. Kg5 Bb1 60. Ba5 Bc2 61. Bb6 Bb1 62. Ba7 Bc2 63. Bb8 Bb1 64. Bc7 Bc2 65. Bd8 Bb1 66. Kg4 Bc2 67. Kg5 Bb1 68. h3 Bc2 69. Bf6 Bb1 70. Bg7 Bc2 71. Bh8 Bb1 72. Bc3 Bc2 73. Bb2 Bb1 74. Ba1 Bc2 75. Bd4 Bb1 76. Be5 Bc2 77. Kg4 Bb1 78. Ba1 Bc2 79. Bh8 Bb1 80. Bd4 Bc2 81. Bg1 Bb1 82. Ba7 Bc2 83. Bb8 Bb1 84. Bc7 Bc2 85. Bd8 Bb1 86. Bg5 Bc2 87. Bh6 Bb1 88. Bg5 Bc2 89. Bh4 Bb1 90. Bg3 Bc2 91. Kg5 Bb1 92. Bh4 Bc2 93. Bf2 Bb1 94. Be1 Bc2 95. Bd2 Bb1 96. Bb4 Bc2 97. Ba3 Bb1 98. Kh6 Bc2 99. Kg7 Bb1 100. Bb2 Bc2 101. Bc3 Bb1 102. Bd4 Bc2 103. Be5 Bb1 104. Ba1 Bc2 105. Kf8 Bb1 106. Kg8 Bc2 107. Kh8 Bb1 108. Kg7 Bc2 109. Bf6 Bf5 110. h4 Bc2 111. Bd8 Kf5 112. Bg5 Kg4 113. Kh8 Kh5 114. Kg8 Bb1 115. Kh7 Bc2 116. Kg7 Bb1 117. Kf6 Bc2 118. Ke6 Bb1 119. Kd6 Bc2 120. Kd5 Bb1 121. Ke5 Bc2 122. Kd4 Bb1 123. Kc4 Bc2 124. Kc3 Bb1 125. Kb2 Bf5 126. Kc1 Bc8 127. Kc2 Bd7 128. Kd3 Bf5+ 129. Ke3 Bb1 130. Kf3 Bc2 131. Kg3 Bb1 132. Kh3 Bc2 133. Bd8 Bb1 134. Be7 Bc2 135. Bf6 Bb1 136. Bg7 Bc2 137. Kg3 Bb1 138. Bh8 Bc2 139. Ba1 Bb1 140. Be5 Bc2 141. Bb8 Bb1 142. Ba7 Bc2 143. Bg1 Bb1 144. Bh2 Bc2 145. Kf3 Bb1 146. f5 Bxf5 147. Bg3 g5 148. Kg2 gxh4 149. Kh2 hxg3+ 150. Kxg3 1/2-1/2

[Event "Chessemy Open 2022"]
[Site "Reinstorf"]
[Date "2022.02.01"]
[Round "4.27"]
[White "Lau, Felix"]
[Black "De Winter, Arthur"]
[Result "1-0"]
[WhiteElo "1927"]
[BlackElo "2122"]
[Annotator "TA"]
[PlyCount "77"]
[EventDate "2022.01.29"]
[EventType "swiss"]
[EventCountry "GER"]
[SourceTitle "playchess.com"]
[Source "ChessBase"]
[SourceQuality "1"]

1. e4 c5 2. Be2 Nc6 3. d3 g6 4. f4 Bg7 5. Nf3 e6 6. O-O Nge7 7. c3 O-O 8. Be3 b6 9. d4 f5 10. e5 Nd5 11. Qd2 d6 12. Na3 cxd4 13. cxd4 Nxe3 14. Qxe3 Nb4 15. Qb3 Nd5 16. g3 dxe5 17. dxe5 a6 18. Nc4 b5 19. Nd6 Qb6+ 20. Kh1 Bd7 21. Rac1 Rfd8 22. Rfd1 Bc6 23. Rxc6 Qxc6 24. Nd4 Qd7 25. Bf3 Nc7 26. Nb7 Rdb8 27. Nc5 Qe7 28. Ncxe6 Nxe6 29. Bxa8 Rxa8 30. Nxe6 Qf7 31. Qd5 Rc8 32. Qd8+ Qe8 33. Qxe8+ Rxe8 34. Rd8 Rxd8 35. Nxd8 Bf8 36. Ne6 Bh6 37. Nc7 g5 38. fxg5 Bxg5 39. Nxa6 1-0

[Event "Chessemy Open 2022"]
[Site "Reinstorf"]
[Date "2022.02.01"]
[Round "4.27"]
[White "Zhou, Leyi Charlotte"]
[Black "Nautsch, Thomas"]
[Result "0-1"]
[WhiteElo "1240"]
[BlackElo "1550"]
[Annotator "NA"]
[PlyCount "44"]
[EventDate "2022.01.29"]
[EventType "swiss"]
[EventCountry "GER"]
[SourceTitle "playchess.com"]
[Source "ChessBase"]
[SourceQuality "1"]

1. e4 b6 2. Nc3 c5 3. Nf3 Nc6 4. d4 e6 5. Bc4 cxd4 6. Nxd4 Bb7 7. O-O Nf6 8. Ndb5 a6 9. Nd6+ Bxd6 10. Qxd6 Qb8 11. Qd3 O-O 12. Bg5 Ne5 13. Qd4 Neg4 14. g3 h6 15. Bxf6 Nxf6 16. e5 Nh7 17. Qxb6 Bc6 18. Qxb8 Rfxb8 19. b3 Ng5 20. Rfd1 Nf3+ 21. Kf1 Nxh2+ 22. Ke2 Bf3+ 0-1

[Event "Chessemy Open 2022"]
[Site "Reinstorf"]
[Date "2022.02.01"]
[Round "4.28"]
[White "Gressmann, Moritz"]
[Black "Marcinczyk, Monika"]
[Result "1-0"]
[WhiteElo "2114"]
[BlackElo "2020"]
[Annotator "RC"]
[PlyCount "151"]
[EventDate "2022.01.29"]
[EventType "swiss"]
[EventCountry "GER"]
[SourceTitle "playchess.com"]
[Source "ChessBase"]
[SourceQuality "1"]

1. d4 Nf6 2. Nf3 e6 3. e3 c5 4. Bd3 d5 5. b3 Nc6 6. Bb2 Be7 7. O-O O-O 8. a3 b6 9. Nbd2 Bb7 10. Ne5 Nd7 11. Nxd7 Qxd7 12. dxc5 Bxc5 13. b4 Bd6 14. e4 Ne5 15. f4 Nxd3 16. cxd3 dxe4 17. Nxe4 Be7 18. Qg4 f6 19. Rf3 Rf7 20. Rh3 Bxe4 21. dxe4 Rd8 22. Bc3 Qc6 23. Re1 a5 24. Ree3 axb4 25. axb4 Qc4 26. Qh4 Rd1+ 27. Re1 Rxe1+ 28. Qxe1 Bd6 29. Rf3 Ra7 30. Qf2 Bxb4 31. Bxb4 Qxb4 32. h3 Ra1+ 33. Kh2 h6 34. Qc2 Qd6 35. Qc8+ Kh7 36. Qe8 Ra7 37. Rg3 Re7 38. Qg6+ Kh8 39. e5 fxe5 40. f5 Qd7 41. f6 Rf7 42. fxg7+ Rxg7 43. Qxh6+ Kg8 44. Rxg7+ Qxg7 45. Qxe6+ Qf7 46. Qxb6 Qf4+ 47. Kg1 Qc1+ 48. Kf2 Qd2+ 49. Kg1 Qc1+ 50. Kh2 Qf4+ 51. Kh1 e4 52. Qd8+ Kg7 53. Qd4+ Kg6 54. Kg1 Qc1+ 55. Kf2 Qc2+ 56. Kg3 Qc7+ 57. Kg4 Qc8+ 58. Kh4 Qf5 59. Qe3 Kf6 60. Kg3 Qg6+ 61. Kf2 Qf5+ 62. Ke1 Qa5+ 63. Kf1 Qb5+ 64. Kg1 Qb1+ 65. Kf2 Qc2+ 66. Kg3 Ke5 67. h4 Qc8 68. Qg5+ Kd4 69. Qd2+ Ke5 70. Qe3 Qg8+ 71. Kh2 Qg4 72. Qg3+ Qf4 73. h5 e3 74. Qxf4+ Kxf4 75. Kg1 Kg5 76. g4 1-0

[Event "Chessemy Open 2022"]
[Site "Reinstorf"]
[Date "2022.02.01"]
[Round "4.29"]
[White "Sayas Payyappat"]
[Black "Krause, Marianne"]
[Result "1/2-1/2"]
[WhiteElo "1223"]
[BlackElo "1548"]
[Annotator "NA"]
[PlyCount "27"]
[EventDate "2022.01.29"]
[EventType "swiss"]
[EventCountry "GER"]
[SourceTitle "playchess.com"]
[Source "ChessBase"]
[SourceQuality "1"]

1. g3 c6 2. Bg2 d5 3. e3 Nf6 4. Ne2 Bg4 5. O-O e5 6. h3 Be6 7. b3 Bd6 8. Bb2 Qc7 9. d3 h5 10. e4 Na6 11. Nd2 O-O-O 12. c4 dxe4 13. dxe4 Qd7 14. Nf3 1/2-1/2

[Event "Chessemy Open 2022"]
[Site "Reinstorf"]
[Date "2022.02.01"]
[Round "4.30"]
[White "Kaeding, Rainer"]
[Black "Milovs, Daniels"]
[Result "1/2-1/2"]
[WhiteElo "2095"]
[BlackElo "1842"]
[Annotator "TA"]
[PlyCount "54"]
[EventDate "2022.01.29"]
[EventType "swiss"]
[EventCountry "GER"]
[SourceTitle "playchess.com"]
[Source "ChessBase"]
[SourceQuality "1"]

1. d4 Nf6 2. g3 c5 3. c3 d5 4. Bg2 e6 5. Nf3 Be7 6. O-O b6 7. Nbd2 Bb7 8. e3 O-O 9. dxc5 bxc5 10. c4 Nc6 11. Qe2 Qc7 12. Rd1 Rfd8 13. b3 a5 14. Bb2 a4 15. Ne1 axb3 16. axb3 Nb4 17. Nd3 Rxa1 18. Bxa1 Nxd3 19. Qxd3 dxc4 20. Qxc4 Bxg2 21. Kxg2 Qc6+ 22. f3 Nd5 23. Kf2 Ra8 24. e4 Nb4 25. Bc3 Qb6 26. Nf1 Ra2+ 27. Rd2 Qa7 1/2-1/2

[Event "Chessemy Open 2022"]
[Site "Reinstorf"]
[Date "2022.02.01"]
[Round "4.30"]
[White "Skytte, Robert"]
[Black "Limper, Cornelia"]
[Result "1-0"]
[WhiteElo "1180"]
[BlackElo "1178"]
[Annotator "NA"]
[PlyCount "63"]
[EventDate "2022.01.29"]
[EventType "swiss"]
[EventCountry "GER"]
[SourceTitle "playchess.com"]
[Source "ChessBase"]
[SourceQuality "1"]

1. e4 d5 2. exd5 Nf6 3. d4 Bg4 4. f3 Bf5 5. Bf4 e6 6. dxe6 Bxe6 7. c4 Bb4+ 8. Nc3 O-O 9. d5 Bd7 10. Qc2 Re8+ 11. Nge2 Na6 12. O-O-O Nc5 13. Nb5 Bxb5 14. cxb5 Nxd5 15. a3 a5 16. Kb1 Ne6 17. axb4 axb4 18. Be5 c6 19. bxc6 Qa5 20. b3 Qa1+ 21. Bxa1 Ne3 22. Qc1 Nxd1 23. Qxd1 Red8 24. Qc2 bxc6 25. Ng3 c5 26. Bc4 Nd4 27. Bxd4 Rxd4 28. Rd1 Re8 29. Rxd4 cxd4 30. Qf5 Re1+ 31. Kc2 d3+ 32. Kd2 1-0

[Event "Chessemy Open 2022"]
[Site "Reinstorf"]
[Date "2022.02.01"]
[Round "4.31"]
[White "Monninger, Moritz"]
[Black "Sistig, Max"]
[Result "1-0"]
[WhiteElo "2064"]
[BlackElo "1846"]
[Annotator "TA"]
[PlyCount "73"]
[EventDate "2022.01.29"]
[EventType "swiss"]
[EventCountry "GER"]
[SourceTitle "playchess.com"]
[Source "ChessBase"]
[SourceQuality "1"]

1. d4 Nf6 2. Bg5 d5 3. e3 c5 4. Bxf6 gxf6 5. Nc3 e6 6. Qh5 Nc6 7. Nf3 cxd4 8. exd4 Bd7 9. Bb5 a6 10. Bxc6 Bxc6 11. O-O Qc7 12. a3 O-O-O 13. Na2 Kb8 14. b3 Bd6 15. Nb4 Be8 16. c4 dxc4 17. bxc4 Bxb4 18. axb4 Qxc4 19. Qh4 Bc6 20. Rfc1 Qd3 21. Rxc6 bxc6 22. Qxf6 Rhg8 23. Qf4+ Ka8 24. g3 Rd7 25. Rc1 Kb7 26. Ne5 Qxd4 27. Qf3 Qd5 28. Qc3 Rc7 29. Nd3 Kc8 30. Nc5 Ra7 31. Qa1 Kc7 32. b5 Rga8 33. Nxa6+ Kd7 34. Rd1 Rxa6 35. Rxd5+ cxd5 36. bxa6 Kc7 37. Qa5+ 1-0

[Event "Chessemy Open 2022"]
[Site "Reinstorf"]
[Date "2022.02.01"]
[Round "4.32"]
[White "Chitsazian, Daniel"]
[Black "Perkampus, Laurin"]
[Result "0-1"]
[WhiteElo "1594"]
[BlackElo "2081"]
[Annotator "TA"]
[PlyCount "180"]
[EventDate "2022.01.29"]
[EventType "swiss"]
[EventCountry "GER"]
[SourceTitle "playchess.com"]
[Source "ChessBase"]
[SourceQuality "1"]

1. e4 Nf6 2. e5 Nd5 3. d4 d6 4. Nf3 dxe5 5. Nxe5 c6 6. Bc4 Nd7 7. Nf3 N7f6 8. Ne5 g6 9. Nc3 Bg7 10. Nxd5 Nxd5 11. Qf3 Be6 12. Bd2 Qb6 13. Bc3 O-O 14. O-O Rad8 15. Bb3 Nxc3 16. bxc3 c5 17. d5 Bxe5 18. dxe6 fxe6 19. Qe3 Qd6 20. Rad1 Bxh2+ 21. Kh1 Qe5 22. Rde1 Qxe3 23. Rxe3 Bd6 24. Rxe6 Kg7 25. g3 Rf3 26. c4 Rdf8 27. Kg2 R3f5 28. g4 Rg5 29. f3 h5 30. Re4 Rh8 31. Rh1 hxg4 32. fxg4 Rf8 33. Rf1 Rxf1 34. Kxf1 Kf6 35. Kf2 Be5 36. Kf3 Bd4 37. Ba4 Re5 38. Kf4 g5+ 39. Kf3 Bc3 40. Bd7 Bd2 41. Bc8 b6 42. Ba6 Ke6 43. Bc8+ Kd6 44. Bb7 Bc3 45. Bd5 b5 46. Bf7 a6 47. cxb5 axb5 48. Be8 b4 49. Bb5 Rd5 50. Re3 Bd4 51. Re2 Bf6 52. Re3 Kc7 53. Rd3 Bd4 54. Rd2 Rd6 55. Re2 Rf6+ 56. Kg3 Kd6 57. Bc4 Be5+ 58. Kg2 Rf4 59. Rd2+ Bd4 60. Kg3 Re4 61. Re2 Be5+ 62. Kf3 Rxc4 63. Rd2+ Rd4 64. Rg2 Rf4+ 65. Ke3 Bd4+ 66. Kd3 Kd5 67. c4+ bxc3 68. a4 c4+ 69. Kc2 Rf2+ 70. Rxf2 Bxf2 71. Kxc3 Kc5 72. a5 Be1+ 73. Kc2 Bxa5 74. Kb2 Kd4 75. Kc2 e5 76. Kd1 e4 77. Ke2 c3 78. Kd1 Kd3 79. Kc1 c2 80. Kb2 Kd2 81. Ka2 c1=N+ 82. Kb1 e3 83. Kb2 e2 84. Kb1 Bb6 85. Ka1 e1=Q 86. Kb1 Qe4+ 87. Kb2 Qb4+ 88. Ka1 Nb3+ 89. Ka2 Nc1+ 90. Ka1 Bd4# 0-1

[Event "Chessemy Open 2022"]
[Site "Reinstorf"]
[Date "2022.02.01"]
[Round "4.33"]
[White "Muedder, Rafael"]
[Black "Semling, Johannes"]
[Result "1/2-1/2"]
[WhiteElo "2035"]
[BlackElo "1765"]
[Annotator "RC"]
[PlyCount "97"]
[EventDate "2022.01.29"]
[EventType "swiss"]
[EventCountry "GER"]
[SourceTitle "playchess.com"]
[Source "ChessBase"]
[SourceQuality "1"]

1. e4 c5 2. Nf3 d6 3. d4 cxd4 4. Nxd4 Nf6 5. Nc3 a6 6. h3 e6 7. g4 b5 8. Bg2 Bb7 9. a3 Nbd7 10. g5 Ng8 11. h4 Ne7 12. Be3 Rc8 13. Nce2 d5 14. Ng3 dxe4 15. Bxe4 Nd5 16. Bd2 Nc5 17. Bf3 Qb6 18. O-O Bd6 19. Nh5 O-O 20. c3 Nd7 21. Bg2 g6 22. Bxd5 Bxd5 23. Nf4 Ba8 24. Nd3 Bb8 25. Qg4 Rfd8 26. Rae1 e5 27. Nb3 e4 28. Be3 Qc7 29. Bf4 Qc4 30. Na5 Qa4 31. Bxb8 Rxb8 32. Nf4 Qxa5 33. Rd1 Ne5 34. Qg3 Nf3+ 35. Kg2 Rxd1 36. Rxd1 Rd8 37. b4 Qc7 38. Rxd8+ Qxd8 39. Kh3 Bb7 40. Ne2 Bc8+ 41. Kg2 Bf5 42. Qf4 Qd1 43. Qb8+ Kg7 44. Qb6 Qxe2 45. Qf6+ Kf8 46. Qd8+ Kg7 47. Qf6+ Kf8 48. Qd8+ Kg7 49. Qf6+ 1/2-1/2

[Event "Chessemy Open 2022"]
[Site "Reinstorf"]
[Date "2022.02.01"]
[Round "4.33"]
[White "Hildebrand, Georg"]
[Black "Klemm, Robert"]
[Result "0-1"]
[WhiteElo "1482"]
[BlackElo "1793"]
[Annotator "NA"]
[PlyCount "120"]
[EventDate "2022.01.29"]
[EventType "swiss"]
[EventCountry "GER"]
[SourceTitle "playchess.com"]
[Source "ChessBase"]
[SourceQuality "1"]

1. Nf3 Nf6 2. g3 g6 3. Bg2 Bg7 4. O-O d6 5. d3 c6 6. Re1 O-O 7. e4 e5 8. Bg5 h6 9. Bd2 Nbd7 10. Qc1 Kh7 11. h3 Nc5 12. Nh2 a5 13. g4 Ne6 14. Nc3 Ng8 15. Ne2 f5 16. exf5 gxf5 17. gxf5 Nd4 18. Nxd4 exd4 19. Be4 Bxf5 20. Bxf5+ Rxf5 21. Re4 Qf6 22. Rf4 Rf8 23. Ng4 Qh4 24. Kg2 h5 25. f3 hxg4 26. hxg4 Re5 27. Qf1 Rfe8 28. Re4 Kg6 29. Bf4 Rxe4 30. dxe4 Be5 31. Bxe5 dxe5 32. Qd3 Nf6 33. Rh1 Qg5 34. c3 Rd8 35. c4 Qe3 36. Qd1 Nxe4 37. Qe1 Nd2 38. Qxe3 dxe3 39. b3 Nxc4 40. bxc4 Rd2+ 41. Kg3 Rxa2 42. Rb1 Rd2 43. Rxb7 a4 44. Rb6 a3 45. Rxc6+ Kf7 46. Ra6 a2 47. c5 e2 48. Kf2 Rd1 49. Kxe2 a1=Q 50. Rxa1 Rxa1 51. Kd3 Rc1 52. c6 Rxc6 53. Ke4 Ke6 54. Ke3 Rc4 55. Kf2 Kf6 56. Kg3 Kg5 57. Kh3 Kf4 58. Kh4 Kxf3 59. Kh3 Rxg4 60. Kh2 Rg5 0-1

[Event "Chessemy Open 2022"]
[Site "Reinstorf"]
[Date "2022.02.01"]
[Round "4.34"]
[White "Gohla, Ulf"]
[Black "Klugstedt, Vincent"]
[Result "1-0"]
[WhiteElo "2139"]
[BlackElo "1874"]
[Annotator "TA"]
[PlyCount "47"]
[EventDate "2022.01.29"]
[EventType "swiss"]
[EventCountry "GER"]
[SourceTitle "playchess.com"]
[Source "ChessBase"]
[SourceQuality "1"]

1. d4 Nf6 2. c4 e6 3. Nc3 Bb4 4. Qc2 c5 5. dxc5 Bxc5 6. Nf3 Nc6 7. a3 a5 8. e3 b6 9. b3 O-O 10. Bb2 Qe7 11. Bd3 h6 12. O-O d5 13. cxd5 exd5 14. Na4 Bg4 15. Nxb6 Bxf3 16. gxf3 Ne5 17. Bxe5 Bxb6 18. Qb2 Ne8 19. Kh1 Bc7 20. Bxc7 Qxc7 21. Qd4 Nf6 22. Rg1 Qe7 23. Qh4 Kh8 24. Rxg7 1-0

[Event "Chessemy Open 2022"]
[Site "Reinstorf"]
[Date "2022.02.01"]
[Round "4.35"]
[White "Oest, Thorsten"]
[Black "Klein, Gernot"]
[Result "1-0"]
[WhiteElo "2111"]
[BlackElo "1862"]
[Annotator "NA RC"]
[PlyCount "99"]
[EventDate "2022.01.29"]
[EventType "swiss"]
[EventCountry "GER"]
[SourceTitle "playchess.com"]
[Source "ChessBase"]
[SourceQuality "1"]

1. e4 c5 2. Nf3 e6 3. g3 d5 4. exd5 exd5 5. d4 Nf6 6. Bg2 Be7 7. dxc5 Bxc5 8. O-O O-O 9. Nc3 h6 10. Bf4 Re8 11. Qd3 Nc6 12. Rad1 Be6 13. a3 a6 14. b4 Bf8 15. h3 Rc8 16. Kh2 Ne7 17. Be5 Nd7 18. Bd6 Nf6 19. Bc5 Qc7 20. Bd4 Nd7 21. Rc1 Qb8 22. Be3 Rc6 23. Nd4 Rc4 24. Na4 Qc8 25. Nxe6 fxe6 26. Nc5 Ne5 27. Qe2 N7g6 28. Qh5 b6 29. f4 bxc5 30. fxe5 Nh8 31. Bxc5 Bxc5 32. bxc5 Rxc5 33. Rf2 Rf8 34. Rcf1 Rxf2 35. Rxf2 Qd7 36. Bf1 Rc8 37. Bxa6 Qa7 38. Qe2 Ra8 39. Bd3 Qxa3 40. c4 Rf8 41. Rxf8+ Qxf8 42. cxd5 exd5 43. e6 Qe7 44. Qe5 Qa7 45. e7 Qf2+ 46. Kh1 Qf3+ 47. Kg1 Qd1+ 48. Bf1 Ng6 49. e8=Q+ Kh7 50. Qf5 1-0

[Event "Chessemy Open 2022"]
[Site "Reinstorf"]
[Date "2022.02.01"]
[Round "4.36"]
[White "Reichmann, Felix"]
[Black "Rick, Uwe"]
[Result "1/2-1/2"]
[WhiteElo "1807"]
[BlackElo "2107"]
[Annotator "TA"]
[PlyCount "72"]
[EventDate "2022.01.29"]
[EventType "swiss"]
[EventCountry "GER"]
[SourceTitle "playchess.com"]
[Source "ChessBase"]
[SourceQuality "1"]

1. c4 b6 2. Nc3 Bb7 3. e4 e6 4. g3 f5 5. Bg2 Nf6 6. Nge2 fxe4 7. O-O Na6 8. d4 Be7 9. Bg5 O-O 10. Bxf6 Bxf6 11. Nxe4 c6 12. Nf4 Be7 13. d5 e5 14. dxc6 Bxc6 15. Nd5 Nc5 16. Qh5 Bxd5 17. cxd5 d6 18. Nxc5 bxc5 19. Bh3 g6 20. Be6+ Kg7 21. Qg4 Rb8 22. Qa4 a5 23. a3 Qb6 24. Rab1 Qb5 25. Qe4 Qb3 26. Kg2 Rf6 27. f4 exf4 28. gxf4 Rbf8 29. Rf3 Qb5 30. f5 Bd8 31. b3 Qe8 32. Rbf1 gxf5 33. Rg3+ Kh8 34. Rxf5 Rxf5 35. Bxf5 Qxe4+ 36. Bxe4 Rg8 1/2-1/2